Score 0/5 Timer 05:00
0 Plays Today
Question Answer Wrong Answers
How did the rocks float when the monkey army made the bridge to go to Sri Lanka? 'Rama' was written on the rocks.
88.9%
They were light.
2.6%
The squirrel helped.
5.9%
They just did.
1.8%
How did Bheema get water when he was dying? Arjuna shot an arrow to the ground which sprung up a fountain of cool water.
84.4%
He got a cup of water.
1.8%
He walked to the lake.
7.7%
He died of thirst.
4.7%
Who killed Mahisa? Durga
79.2%
Rama
8.2%
Nakula
6.4%
Vidura
4.6%
Who was Krishna's first son? Pradyumna
67.6%
Arjuna
4.1%
Annirudh
20.7%
Sahadeva
5.8%
Who was in charge of building the Wax Palace that the Pandavas escaped from as it was burning? Perochana
58.2%
Duryodhana
23.6%
Bheema
9.5%
Yudishtra
8.5%
Remove Ads.
Support Sporcle.
Get the best of Sporcle when you Go Orange. This ad-free experience offers more features, more stats, and more fun while also helping to support Sporcle. Thank you for becoming a member.

You're not logged in!

Compare scores with friends on all Sporcle quizzes.
OR
Log In

Sporcle TV

Today on Sporcle TV


Watch our educational content, quiz creation guides, and fun videos on Sporcle TV.

Show Comments

Extras

Created Sep 22, 2017ReportNominate
Tags:Mythology Quiz, hindu

Top Quizzes Today


Score Distribution

Paid Content

Your Account Isn't Verified!

In order to create a playlist on Sporcle, you need to verify the email address you used during registration. Go to your Sporcle Settings to finish the process.

Report this User

Report this user for behavior that violates our Community Guidelines.

Details: